[Event "Madurai Athens of the East op-B U1600"]
[Site "Madurai"]
[Date "2023.12.28"]
[Round "4"]
[White "Biju, Kumar"]
[Black "Mohd, Tabseer Alam"]
[Result "0-1"]
[WhiteElo "1371"]
[BlackElo "1596"]
[PlyCount "108"]
[EventDate "2023.12.27"]
[EventType "swiss"]
[EventRounds "9"]
[EventCountry "IND"]
[SourceTitle "CB02_2024"]
[SourceDate "2024.01.10"]
[SourceVersion "1"]
[SourceVersionDate "2024.01.10"]
[SourceQuality "1"]

1. e4 Nf6 2. Nc3 d6 3. d4 g6 4. Nf3 Bg7 5. Be2 0-0 6. 0-0 c6 7. h3 Nbd7 8. Be3 e5 9. dxe5 dxe5 10. Qd6 Re8 11. Rad1 Bf8 12. Qd2 b5 13. Bd3 Qc7 14. Ne2 Nc5 15. Bxc5 Bxc5 16. Qg5 Kg7 17. c3 a5 18. Ng3 h6 19. Qc1 Be6 20. b3 Rad8 21. Be2 Bc8 22. Rxd8 Rxd8 23. Ne1 Bd6 24. c4 b4 25. Nc2 Nd7 26. Ne3 Nc5 27. Rd1 Be7 28. Rxd8 Qxd8 29. Bg4 Bg5 30. Bxc8 Qxc8 31. Qb2 Qe6 32. Qe2 Kh7 33. Nef1 Qd7 34. Qf3 Bf4 35. Ne2 Qd3 36. Qxd3 Nxd3 37. g3 Bg5 38. h4 Be7 39. Ne3 Bc5 40. Nd1 f5 41. exf5 gxf5 42. Kf1 Kg6 43. f3 Kh5 44. Kg2 Ne1+ 45. Kh3 Nxf3 46. Nb2 Bd4 47. Nd3 Kg6 48. g4 Kf6 49. Kg3 Nd2 50. Nxd4 exd4 51. Kf4 fxg4 52. Kxg4 Ne4 53. Kh5 Kg7 54. Ne5 Nf6# 0-1

[Event "Asia-ch U20"]
[Site "Jamshedpur"]
[Date "2023.09.15"]
[Round "9"]
[White "Sharnarthi, Viresh"]
[Black "Mohd, Tabseer Alam"]
[Result "0-1"]
[WhiteElo "1764"]
[BlackElo "1496"]
[PlyCount "150"]
[EventDate "2023.09.09"]
[EventType "swiss"]
[EventRounds "9"]
[EventCountry "IND"]
[SourceTitle "EXT 2024"]
[Source "ChessBase"]
[SourceDate "2023.10.10"]
[SourceVersion "1"]
[SourceVersionDate "2023.10.10"]
[SourceQuality "1"]

1. d4 Nf6 2. Nf3 g6 3. c4 Bg7 4. g3 0-0 5. Bg2 d6 6. 0-0 Nbd7 7. Nc3 e5 8. e4 exd4 9. Nxd4 Nc5 10. h3 Re8 11. Re1 a5 12. b3 Bd7 13. Bb2 a4 14. Rc1 axb3 15. axb3 c6 16. b4 Na6 17. Ba3 Nc7 18. Bb2 Ne6 19. Nb3 Qc7 20. Qd2 Rad8 21. Nd5 cxd5 22. cxd5 Qb6 23. dxe6 Bxe6 24. Bd4 Qb5 25. Na5 Rc8 26. Bf1 Qd7 27. Qb2 Nh5 28. g4 Bxd4 29. Qxd4 Rxc1 30. Rxc1 Bxg4 31. Rc3 Be6 32. Nc4 Rd8 33. Nb6 Qe7 34. Nd5 Qg5+ 35. Bg2 Bxd5 36. Qxd5 Qxd5 37. exd5 Rd7 38. b5 Nf4 39. Rc8+ Kg7 40. Bf3 Nxh3+ 41. Kf1 Ng5 42. Bg2 f5 43. f4 Nf7 44. b6 Kf6 45. Kf2 h6 46. Bf1 g5 47. Rc7 Re7 48. Bd3 gxf4 49. Bxf5 Ne5 50. Bc2 h5 51. Rc8 Nd7 52. Rd8 Ke5 53. Rh8 Kxd5 54. Rxh5+ Ne5 55. Rh1 Kc5 56. Rb1 Nc4 57. Ba4 d5 58. Rb5+ Kd4 59. Rb1 Re6 60. Rd1+ Kc5 61. Kf3 Rxb6 62. Be8 Re6 63. Bh5 Rf6 64. Kf2 b5 65. Bf3 d4 66. Rh1 d3 67. Rh8 Rd6 68. Rf8 d2 69. Rf5+ Kb6 70. Bd1 Ne3 71. Rxf4 Nxd1+ 72. Kg2 Ne3+ 73. Kh2 d1Q 74. Rf2 Rh6+ 75. Kg3 Qg4# 0-1